Проповеди Хранителя преданности. Т. 3 (Запись № 9943764)

Подробности
000 -МАРКЕР
контрольное поле 01784nam2a2200253 i 4500
001 - ИДЕНТИФИКАТОР ЗАПИСИ
контрольное поле RU\NLR\BIBL_A\010751706
005 - ИДЕНТИФИКАТОР ВЕРСИИ
контрольное поле 20240728161929.0
010 ## - МЕЖДУНАРОДНЫЙ СТАНДАРТНЫЙ НОМЕР КНИГИ (ISBN)
Номер (ISBN) 9785983612143
021 ## - НОМЕР ГОСУДАРСТВЕННОЙ РЕГИСТРАЦИИ
Код страны Российская Федерация
Номер 2015-25297
Номер Листа государственной регистраци 1495
035 ## - ДРУГИЕ СИСТЕМНЫЕ НОМЕРА
Идентификатор записи (NLR Aleph) 010751706
100 ## - ДАННЫЕ ОБЩЕЙ ОБРАБОТКИ
Данные общей обработки 20150513d2015 u y0rusy50 ca
101 1# - ЯЗЫК РЕСУРСА
Язык текста, звукозаписи и т.д. русский
-- санскрит
Язык оригинала не определено
102 ## - СТРАНА ПУБЛИКАЦИИ ИЛИ ПРОИЗВОДСТВА
Страна публикации Российская Федерация
105 ## - ПОЛЕ КОДИРОВАННЫХ ДАННЫХ: ТЕКСТОВЫЕ МАТЕРИАЛЫ, МОНОГРАФИЧЕСКИЕ
Кодированные данные о монографическом текстовом документе ac z 000yy
200 0# - ЗАГЛАВИЕ И СВЕДЕНИЯ ОБ ОТВЕТСТВЕННОСТИ
Основное заглавие Т. 3
Первые сведения об ответственности [пер.: Динашрая дас и др.]
210 ## - ПУБЛИКАЦИЯ, РАСПРОСТРАНЕНИЕ И ДР.
Дата издания, распространения и т.д. 2015
215 ## - ФИЗИЧЕСКАЯ ХАРАКТЕРИСТИКА
Специфическое обозначение материала и объем 230, [1] с.
Другие сведения о физической характеристике ил., портр.
300 ## - ОБЩИЕ ПРИМЕЧАНИЯ
Текст примечания Часть текста на санскрите
461 #0 - УРОВЕНЬ НАБОРА
Встроенное поле 001RU\NLR\BIBL_A\010786999
-- 2000#$aПроповеди Хранителя преданности$e[фрагменты бесед с Его Божественной Милостью Шрилой Бхакти Ракшаком Шридхаром Дев-Госвами Махараджем, основателем-ачарьей Шри Чайтанья Сарасват Матха$eв 4 т.]$fСвами Шридхар$g[Шри Чаитанья Сарасват Матх]$vТ. 3
-- 700#1$aШридхар$bБ. Р.$f1895-1988$gБхакти Ракшак$3RU\NLR\AUTH\779546
Системный номер (АБИС) связанной записи 10096480
Автор Шридхар, Б. Р. (1895-1988)
Место публикации [Москва]
Дата публикации 2015
Издание [Изд. 2-е, доп.]
Первые сведения об ответственности Свами Шридхар
Имя издателя, распространителя и т.д. Шри Чайтанья Сарасват Матх
Сведения, относящиеся к заглавию [фрагменты бесед с Его Божественной Милостью Шрилой Бхакти Ракшаком Шридхаром Дев-Госвами Махараджем, основателем-ачарьей Шри Чайтанья Сарасват Матха : в 4 т.]
Заглавие Проповеди Хранителя преданности
Номер тома Т. 3
942 ## - ДОПОЛНИТЕЛЬНЫЕ ЭЛЕМЕНТЫ ЗАПИСИ (АБИС)
Тип экземпляра АБИС Книга
980 ## - КОЛЛЕКЦИЯ
Название коллекции НБР

Нет доступных экземпляров.